00816nam a2200229 i 450000100060000000300090000600500170001500700030003200800410003510000400007624500840011626000370020030000220023749000340025965000230029370000320031670000250034883000420037385200320041599900170044795201220046450513ES-MaACL20250627063631.0t|030805s1967 sp ||||1| spa d1 aCullmann, Oscar, d1902-199994215010aUnidad en Cristo / cOscar Cullmann, Otto Karrer ; [tradujo Daniel Ruiz Bueno]. aSalamanca : bSígueme, c1967. a221 p. ; c22 cm.1 aColección "Diálogo" ; v204aEcumenismo.9120451 aRuiz Bueno, Daniel.91006771 aKarrer, Otto.9675810 aColección "Diálogo" ; v29184185 aES-MaACLjC-33262 bR.64148 c50513d50513 00104070aATENEOMbATENEOMcDEPO2d2008-01-17eSCl0oC-33262p1053135r2023-02-23 00:00:00w2023-02-23yMONOGRAFIA